00401nam a2200121 a 450000100100000000500170001000800410002704000250006811000650009324500620015826000390022030000200025900002929820200930055446.0110414s19uu dr 000 0 spa d aDO-SdBNPbspacBNPHU1 aRepública Dominicana.bPartido Social Demócrata Nacional10aPSN :bhacia un nuevo rumbo junto al pueblo y por la paz. aSanto Domingo :bTele-3,c[19--?]. a25 p. ;c22 cm.